Quizzes
Events
Quiz Creation
Community
Videos
Private Events
Remove Ads
Sign In
Join for FREE
Feedback
Dark Mode
Quiz Categories
Sports
Geography
Music
Movies
Television
Just For Fun
Miscellaneous
History
Literature
Language
Science
Gaming
Entertainment
Religion
Holiday
For Kids
Quiz Lab
Recent
Popular Today
Quiz Kudos Today
Editor Picks
Curator Picks
Quizzes by...
Day
Popularity
Type
Ratings
Length
Year
Community
Subscriptions
Recent Discussions
Orange Saloon
Badges
Playlists
Quests
Create
Leaderboards
Showdown
Live 5
Trivia Bingo
Activity
Puzzle Library
Sporcle Events
Private Events
Virtual Trivia
Globe League
Become a Host
Pub Owners
SporcleCon
Opinionation
Our Games
Videos
Blog
Mobile Apps
Partnerships
Remove Ads and Go Orange
Feedback
Geography
Country
Landmarks
City
State
Population
World
Capital
Continent
Flags
Europe
Africa
Asia
South America
North America
Oceania
Border
Canada
United Kingdom
Topography
United States
Geography
Country
Landmarks
City
State
Population
World
Capital
Continent
Flags
Europe
Africa
Asia
South America
North America
Oceania
Border
Canada
United Kingdom
Topography
United States
Random Quiz
Search Sporcle
×
Quiz Lab
Quiz Lab
Geography
Asia
Type in answers that appear in a list
Type in answers that appear in a list
Classic
Best Score? Go Orange.
Largest islands of Asia Stats
Can you name the Largest islands of Asia?
By
jonathanholmstro
6m
20 Questions
59 Plays
59 Plays
59 Plays
Comments
Comments
Give Quiz Kudos
Give Quiz Kudos
-
- Ratings
hide this ad
Replay
Link that replays current quiz
Next Quiz
Link to next quiz in quiz playlist
You Got
0%
They Got
Avg Score
71%
Avg Friend Score
Upgrade to see
Score Distribution
Jump to the score distribution portion of the page
Score
0/20
Timer
06:00
0
Plays Today
sq km (sq miles)
Island
% Correct
408,848 (187,831)
Sumatra
98.3%
748,168 (288,869)
Borneo
94.9%
225,800 (87,182)
Honshu
94.9%
138,794 (53,589)
Java
94.9%
35,883 (13,883)
Taiwan
94.9%
109,965 (42,458)
Luzon
93.2%
78,719 (30,394)
Hokkaido
93.2%
65,268 (25,200)
Sri Lanka
93.2%
97,530 (36,657)
Mindanao
88.1%
180,681 (69,761)
Sulawesi
84.7%
sq km (sq miles)
Island
% Correct
37,437 (14,455)
Kyushu
83.1%
72,493 (27,989)
Sakhalin
79.7%
33,210 (12,822)
Hainan
78%
28,418 (10,972)
Timor
78%
18,545 (7,160)
Shikoku
78%
18,040 (6,865)
Halmahera
32.2%
14,386 (5,554)
Sumbawa
32.2%
17,454 (6,621)
Seram
16.9%
24,000 (9,266)
Kotelny/Faddeyevsky Island
11.9%
14,204 (5,471)
Oktober Revolution Island (Oktyabrskoy Revolytsii)
10.2%
Quiz Playlist
Details
Report
Send in Message
Add To Playlist
Classic:
Type in answers that appear in a list
Last Updated: Feb 16, 2017
Quiz Scoreboard
CHALLENGE
Sign Up to Join the Scoreboard
Show All
Scores
Hide
Comments
May contain spoilers
Recently Published
Billboard Blitz: Fleetwood Mac
by CooCooCachoo
Music
15s
Presidents Visiting Landmarks
by Hejman
History
7m
An Introduction to Baseball
by treessimontrees
Sports
5m
More to Explore
Quiz From the Vault
Featured Blog Post
Where Did the Easter Bunny Come From?
hide this ad
You Might Also Like...
Tags
Asia Quiz
island
Island Nation
largest
Largest Islands
Today's Top Quizzes in Geography
Browse Geography
hide this ad
Today's Top Quizzes in Asia
Browse Asia
Top Contributed Quizzes in Geography
1
Countries of the World - No Outlines Minefield
2
Top 25 Cities of France on a map
3
Any capital of a 'B' country per Continent
4
Any capital of a 'C' country per Continent
5
Closest Countries to UK A-Z
6
Any capital of a 'D' country per Continent
7
5-to-1: US Geography No Hints
8
One Thing in Common: United Kingdom
9
Any capital of an 'E' country per Continent
10
Any capital of an 'F' country per Continent
Explore More
Trending Topics
Marvel
Anime
NBA
Crossword
Harry Potter
Kpop
Disney
NFL
WWE
Puzzle
Soccer
Song
The Office
Pokémon
Country
hide this ad
More By:
jonathanholmstro
Quiz
Plays
Rating
Category
Featured
Created
30 Most populated countries
1,699
4.00
Geography
Jun 21, 2015
30 Smallest countries
408
3.86
Geography
Jun 21, 2015
Largest islands of Europe
160
4.75
Geography
Jul 2, 2015
Largest islands of the Americas
107
5.00
Geography
Jul 6, 2015
Largest country per letter minefield
101
2.20
Geography
Jul 26, 2015
Go to Creator's Profile
Score Distribution
Quiz Creator Spotlight
jonathanholmstro
Follow
Send a Message
Quizzes Created
-
Created Quiz Play Count
-
More By This Creator
Popular Quizzes Today
1
Find the US States - No Outlines Minefield
2
Find the Countries of Europe - No Outlines Minefield
3
The Countries of the World
4
Find the US States
5
US States
6
Risky Map Clicking: Biggest States A-Z
7
Popular People in 1961
8
Movies - When Are They Set?
More Geography Quizzes
States That Can Be Parked in Wrangell-St. Elias Park
Published
Trending Quizzes
Risky Map Clicking: Least Populous States A-Z
1-10 Letter G Words
1-10 Letter F Words
Risky Map Clicking: Next State Alphabetically
Risky Map Clicking: Biggest States A-Z
Recently Updated
Leaping Animals
pecheneg
Reality TV Shows (A-Z)
bhenderson79
Rickey Henderson's Hall of Fame Teammates
pecheneg
Champions League XIs: Arsenal
pecheneg
Quick Pick: Celebrities in WWE's Hall of Fame
aduchscher
A-Z Keypad Blitz II
pecheneg
Multiple Oscar Actors
pecheneg
Mystery Phrase Blitz: Oscar 'Best Actors'
pecheneg
F. Scott Fitzgerald Novels
LTH
Pick 3 Villains
ddd62291
Trending Topics
Harry Potter
Disney
Crossword
Anime
NBA
Marvel
Kpop
Puzzle
Soccer
WWE
Country
Pokémon
NFL
The Office
Song
Your Account Isn't Verified!
In order to create a playlist on Sporcle, you need to verify the email address you used during registration. Go to your
Sporcle Settings
to finish the process.
Report this User
Report this user for behavior that violates our
Community Guidelines
.
Details:
Send Report
Go to the Sporcle.com Mobile Site →
Comments